Statistiques concernant Monuments du monde

Cliquez ici pour prendre le quiz!

Statistiques générales

  • Ce quiz a été pris 155 fois
  • Le résultat moyen est 6 sur 10

Statistiques - réponses

Réponse% Correct
Le Christ rédempteur, Brésil
100%
Statue de la liberté, U.S.A
100%
Cité interdite, Chine
88%
Pyramide de Khéops, Égypte
88%
Tour Effel, France
86%
Opéra de Sydney, Australie
85%
Chichén Itzá, Mexique
83%
La Mecque, Arabie Saoudite
83%
Tour Elizabeth (Big Ben), Royaume-Uni
83%
Kremlin, Russie
80%
Burj Khalifa, Émirats Arabes Unis
75%
l'Acropole d'Athènes, Grèce
67%
Taj Mahal, Inde
67%
Tour de Belém, Portugal
60%
Tokyo Skytree, Japon
57%
Vatican, Vatican
50%
Angkor Vat, Cambodge
44%
Colisée, Italie
33%
Marina Bay Sands, Singapour
25%
Parlement de Budapest, Hongrie
22%
Umeda Sky Building, Japon
20%
Siegessäule, Allemagne
17%
Taipei 101, Taïwan
17%
La passerelle des tours Petronas, Malaisie
14%
Haeundae, Corée du sud
0%
Kuwait Towers, Koweït
0%
Monument de la patrie, Ukraine
0%

Distribution des résultats

Percentile par nombre de réponses

% des personnes avec chaque résultat

Votre développement - résultats

Vous n’avez pas pris ce quiz